000 00417 a2200145 4500
999 _c5431
_d5431
020 _a9780333605226
050 _aTH 4311 WAL 1995
100 _aWalton, Denis
_eauthor
245 _aBuilding construction :
_bprinciples and practices /
_cDenis Walton
264 _aNew York:
_bMacmillan,
_c1995
300 _a238p.:
_bill.(col.)
500 _aIncludes index
650 _aBuilding skills
942 _2lcc
_cBK
_h4311
_iWAL
_kTH